Countries with the Fastest 100 Meter Sprinters - Statistics

General Stats
  • This quiz has been taken 85,804 times
    34,835 since last reset
  • The average score is 5 of 8
Answer Stats
# Best Time Top Sprinter Country % Correct
72 9.69 Tyson Gay United States
99%
29 9.58 Usain Bolt Jamaica
96%
13 9.83 Zharnel Hughes United Kingdom
86%
5 9.86 Jimmy Vicaut France
81%
8 9.82 Akani Simbine South Africa
49%
14 9.85 Olusoji Fasuba Nigeria
46%
5 9.90 Shainer Reginfo Cuba
45%
6 9.82 Richard Thompson Trinidad and Tobago
34%
No matching quizzes found
Score Distribution
Percent of People with Each Score
Percentile by Number Answered
Your Score History
You have not taken this quiz since the last reset